000 00602nam a2200193 i 4500
001 78471
003 ES-MaACL
005 20230906173719.0
007 t|
008 041014s1913 fr ||||1| fre d
100 1 _aHahn, Camille.
_961468
245 1 4 _aLes grands processus morbides
_b: congestion, inflammation, suppuration, gangrène /
_cpar C. Hahn.
260 _aParis :
_bOctave Doin,
_c1913 (
_eChartres :
_fDurand)
300 _a478 p. ;
_c19 cm.
490 1 _aEncyclopédie scientifique
830 0 _aEncyclopédie scientifique
_9180883
852 _aES-MaACL
_jD-4305
999 _c78471
_d78471